|
|
|
|
| LEADER |
01181cam a2200277 a 4500 |
| 001 |
c000382015 |
| 003 |
CARM |
| 005 |
20111004095614.0 |
| 008 |
111004s1954 gw a 000 0 ger d |
| 019 |
1 |
|
|a 4151935
|5 LACONCORD2021
|
| 035 |
|
|
|a (OCoLC)57335516
|5 LACONCORD2021
|
| 040 |
|
|
|a NUN
|b eng
|c NUN
|d ABN-SNR
|
| 082 |
0 |
4 |
|a 526.98
|
| 100 |
1 |
|
|a Hake, Günter.
|
| 245 |
1 |
4 |
|a Die Herstellung grossmassstäblicher Karten und Pläne durch Entzerrung von Luftbildern /
|c von der Fakultät für Bauwesen an der Technischen Hochschule Hannover zur Erlangung der Würde eines Doktor-Ingenieurs genehmighte Dissertation, vorgeleft von Günter Hake.
|
| 260 |
|
|
|a Hannover :
|b the Hochschule,
|c 1954.
|
| 300 |
|
|
|a 91 p. :
|b ill. ;
|c 30 cm.
|
| 650 |
|
0 |
|a Mechanical drawing.
|
| 650 |
|
0 |
|a Aerial photography.
|
| 650 |
|
0 |
|a Photogrammetry.
|
| 650 |
|
0 |
|a Map projection.
|
| 852 |
8 |
|
|b CARM
|p 0560477
|f BK
|
| 852 |
8 |
|
|b SCAN
|h A3:AG08D0
|i F08015
|p 0560477
|f BK
|
| 999 |
f |
f |
|i 83975c0f-c514-5ec9-8042-ed008e180eb5
|s 76ee5bca-5f3e-5ca1-8f99-dcdea9391877
|
| 952 |
f |
f |
|p Can circulate
|a CAVAL
|b CAVAL
|c CAVAL
|d CARM 1 Store
|i book
|m 0560477
|
| 952 |
f |
f |
|a CAVAL
|b CAVAL
|c CAVAL
|d Unmapped Location
|e F08015
|f A3:AG08D0
|h Other scheme
|